| 000 | 00576nam a2200229Ia 4500 | ||
|---|---|---|---|
| 003 | 0100 | ||
| 008 | 130303s9999 xx 000 0 und d | ||
| 040 | _cARRUPELIB | ||
| 050 | _aBJ1461.B47 1966 | ||
| 245 | _aFree Will and Determinism | ||
| 260 | _aLondon | ||
| 260 | _bHarper & Row, Publishers | ||
| 260 | _C1966 | ||
| 300 | _aix | ||
| 300 | _b 379p. 21cm. | ||
| 440 | _aSources in Contemporary Philosophy | ||
| 650 | _aETHICS | ||
| 650 | _bCatholic Church -- Catechism | ||
| 650 | _cCatechism, English | ||
| 700 | _aBerofsky , Bernard (ed.) | ||
| 942 | 0 | 0 | _02 |
| 999 |
_c38222 _d38222 |
||